Normal view
MARC view
Entry Nombre personal
001 - NÚMERO DE CONTROL
- campo de control: 18862
003 - IDENTIFICADOR DE NÚMERO DE CONTROL
- campo de control: OSt
005 - FECHA Y HORA DE LA ÚLTIMA TRANSACCIÓN
- campo de control: 20251109144737.0
008 - ELEMENTOS DE DATO DE LONGITUD-FIJA
- campo de control de longitud fija: 021205 n acnnnaaan n ann d
040 ## - FUENTE DE CATALOGACIÓN
- Centro catalogador/agencia de origen: OSt
- Centro/agencia transcriptor: OSt
100 1# - ENCABEZAMIENTO-NOMBRE DE PERSONA
- Nombre de persona: Aguirre de Cárcer, Álvaro,
- Fechas asociadas al nombre: 1920-2001
400 1# - TRAZADO DE VÉASE--NOMBRE DE PERSONA
- Nombre de persona: Aguirre de Cárcer, A. (
- Fechas asociadas al nombre: 1920-2001)
400 1# - TRAZADO DE VÉASE--NOMBRE DE PERSONA
- Nombre de persona: Aguirre de Cárcer y López de Sagredo, Álvaro (
- Fechas asociadas al nombre: 1920-2001)
